|
|
|
|
| LEADER |
00000cam a2200000 a 4500 |
| 001 |
vtls010592180 |
| 003 |
SK-MaSNL |
| 005 |
20260302013239.0 |
| 007 |
co bg auuua |
| 008 |
160429s2014 xo | fsa 100 0 slo |
| 015 |
|
|
|a SNBS2015
|
| 020 |
|
|
|a 9788089542413 (elektronická kniha)
|
| 040 |
|
|
|a SNK
|b slo
|c SNK
|e AACR2
|
| 041 |
0 |
|
|a slo
|a cze
|
| 044 |
|
|
|a xo
|c SK
|
| 072 |
|
7 |
|a 616
|x Patológia. Klinická medicína
|2 konspekt
|
| 080 |
|
|
|a 616.1/.6
|2 2001
|
| 080 |
|
|
|a 616-083
|2 2001
|
| 080 |
|
|
|a 614.253.5
|2 2001
|
| 080 |
|
|
|a (062.534)
|2 2001
|
| 080 |
|
|
|a (048.3)
|2 2001
|
| 080 |
|
|
|a (0.034.44)
|2 2001
|
| 111 |
2 |
|
|a Celoslovenská konferencia sestier pracujúcich v odboroch vnútorného lekárstva
|n (9. :
|d 2014 :
|c Nový Smokovec, Slovensko)
|9 168084
|
| 245 |
1 |
0 |
|a IX. celoslovenská konferencia sestier pracujúcich v odboroch vnútorného lekárstva
|h elektronický zdroj
|b zborník abstraktov, 7.3.-8.3.2014
|c zostavil: Zuzana Háziová
|
| 246 |
3 |
|
|a Deviata celoslovenská konferencia sestier pracujúcich v odboroch vnútorného lekárstva
|
| 250 |
|
|
|a 1. vyd.
|
| 260 |
|
|
|a Bratislava
|b Slovenská komora sestier a pôrodných asistentiek
|c 2014
|
| 300 |
|
|
|a 1 elektronický optický disk (CD-ROM)
|c 12 cm
|
| 500 |
|
|
|a Názov z titulnej obrazovky
|
| 516 |
|
|
|a Textový dokument (zborník), súbor vo formáte pdf
|
| 538 |
|
|
|a Technické požiadavky: PDF prehliadač
|
| 546 |
|
|
|a Čiast. text čes.
|
| 650 |
0 |
7 |
|a interná medicína
|2 SNKPH
|9 905
|
| 650 |
0 |
7 |
|a ošetrovateľstvo
|2 SNKPH
|9 2557
|
| 650 |
0 |
7 |
|a zdravotné sestry
|2 SNKPH
|9 70278
|
| 650 |
0 |
7 |
|a Internal medicine
|2 SNKPHeng
|9 267482
|
| 650 |
0 |
7 |
|a Nursing
|2 SNKPHeng
|9 267855
|
| 650 |
0 |
7 |
|a Nurses
|2 SNKPHeng
|9 268414
|
| 655 |
|
7 |
|a zborníky konferencií
|2 SNKPH
|9 70153
|
| 655 |
|
7 |
|a abstrakty
|2 SNKPH
|9 22516
|
| 655 |
|
7 |
|a CD-ROM
|2 SNKPH
|9 70236
|
| 655 |
|
7 |
|a elektronické zdroje
|2 SNKPH
|9 90954
|
| 655 |
|
7 |
|a Proceedings of conferences
|2 SNKPHeng
|9 265791
|
| 655 |
|
7 |
|a Abstracts
|2 SNKPHeng
|9 275616
|
| 655 |
|
7 |
|a Electronic resources
|2 SNKPHeng
|9 175546
|
| 700 |
1 |
|
|a Háziová, Zuzana
|4 com
|9 485286
|
| 852 |
|
|
|a Štátna vedecká knižnica v Banskej Bystrici
|
| 919 |
|
|
|a 978-80-89542-41-3
|
| 958 |
|
|
|a MI
|
| 999 |
|
|
|c 1012257
|d 1014187
|
| 952 |
|
|
|a SNK
|b SNK
|y PREZ
|7 0
|p 17A1110605
|o snkSCDM 6560
|i snk2014/12242
|8 0
|0 0
|1 0
|4 0
|d 2014-05-26
|l 0
|r 2026-02-24 12:57:23
|w 2026-02-24
|